Joy of Digita;l Photography (Record no. 11529)

MARC details
000 -LEADER
fixed length control field 00359nam a2200145Ia 4500
008 - FIXED-LENGTH DATA ELEMENTS--GENERAL INFORMATION
fixed length control field 230312s9999||||xx |||||||||||||| ||und||
020 ## - INTERNATIONAL STANDARD BOOK NUMBER
International Standard Book Number 1-57990-578-1
082 ## - DEWEY DECIMAL CLASSIFICATION NUMBER
Classification number 775
Item number WIG-J
100 ## - MAIN ENTRY--PERSONAL NAME
Personal name Wignall;Jeff
245 #0 - TITLE STATEMENT
Title Joy of Digita;l Photography
260 ## - PUBLICATION, DISTRIBUTION, ETC.
Name of publisher, distributor, etc. Lark books
Place of publication, distribution, etc. USA
Date of publication, distribution, etc. 2005
300 ## - PHYSICAL DESCRIPTION
Extent 304
650 ## - SUBJECT ADDED ENTRY--TOPICAL TERM
Topical term or geographic name entry element Architecture
Form subdivision Architecture/
942 ## - ADDED ENTRY ELEMENTS (KOHA)
Koha item type BOOK
Holdings
Withdrawn status Lost status Source of classification or shelving scheme Damaged status Not for loan Home library Current library Date acquired Total Checkouts Full call number Barcode Date last seen Price effective from Koha item type
    Dewey Decimal Classification     Superior Information Resource Center (SIRC) Superior University- Main Campus Superior Information Resource Center (SIRC) Superior University- Main Campus 03/13/2023   775 WIG-J 11657 03/13/2023 03/13/2023 BOOK

Powered by Koha